The City Despatch Post 1842-1852 Issues (Record no. 3595)
[ view plain ]
| 000 -LEADER | |
|---|---|
| fixed length control field | 00282nam a22000977a 4500 |
| 008 - FIXED-LENGTH DATA ELEMENTS--GENERAL INFORMATION | |
| fixed length control field | 240516b ||||| |||| 00| 0 eng d |
| 100 ## - MAIN ENTRY--AUTHOR'S NAME | |
| Author's Name | Trepel, Scott |
| 245 ## - TITLE STATEMENT | |
| Title | The City Despatch Post 1842-1852 Issues |
| 260 ## - PUBLICATION, DISTRIBUTION, ETC. (IMPRINT) | |
| Name of publisher, distributor, etc. | Robert A. Siegel Auction Galleries Inc |
| 650 ## - TOPICAL TERM (Tag) | |
| Topical term or geographic name | City Despatch Post |
| Withdrawn status | Lost status | Source of classification or shelving scheme | Damaged status | Koha normalized classification for sorting | Not for loan | Permanent Location | Current Location | Shelving location | Date acquired | Total Checkouts | Full call number | Barcode | Date last seen | Price effective from | Koha item type |
|---|---|---|---|---|---|---|---|---|---|---|---|---|---|---|---|
| G3701 P718 T7959 | Northern Philatelic Library | Northern Philatelic Library | General Stacks | 05/16/2024 | G3701 P718 T7959 | 1006108 | 05/16/2024 | 05/16/2024 | Books |